| 000 | 00395nam a2200145 i 4500 | ||
|---|---|---|---|
| 001 | bg | ||
| 100 | 1 | _aMotchenbacher, C. D. | |
| 245 | 1 | 0 |
_aProjektowanie elementów i układów elektronicznych / _cC.D. Motchenbacher, F.C. Fitchen. |
| 260 |
_aWarszawa, _c1977. |
||
| 700 | 1 | _aFitchen, Franklin C. | |
| 040 | _cBPK | ||
| 041 | _apol | ||
| 942 | _cKS | ||
| 008 | s pl f |000 0 pol | ||
| 999 |
_c17631 _d17631 |
||
| 856 |
_uhttp://koha.tu.koszalin.pl/cgi-bin/koha/opac-detail.pl?biblionumber=17631 _yKatalog online BPK |
||